000 00665nam a2200217 i 4500
001 C2-0221340
003 PPAK
005 20180728150917.0
008 991024s1998 my |||| ||||| | may d
040 _aPPAK
_beng
_cPPAK
_erda
082 0 4 _a37698
_223
090 0 0 _a37698
_b/98
_dKK
245 0 0 _aMajlis Diskusi Pesara Dalam Kenangan: Haji Mohamed Sheriff bin Osman
_bMenteri Besar Kedah Yang Pertama
264 1 _aAlor Setar, Kedah :
_bPerbadanan Perpustakaan Awam Kedah ,
_c1998
300 _a38 pages ;
_c30 cm
336 _2rdacontent
_atext
337 _2rdamedia
_aunmediated
338 _2rdacarrier
_avolume
500 _aTranskripsi
942 _ddc
_cB
999 _c142974
_d142974